000 00456nam a2200193Ia 4500
003 0100
008 130303s9999 xx 000 0 und d
040 _cARRUPELIB
050 _aBR936.Z4
100 _aZernov, Nicolas
245 4 _aThe Russian religious renaissance of the twentieth century
260 _aNew York
260 _bHarper Row
260 _C1963
300 _axi
300 _b 410p. 23cm
700 _aNicolas Zernov
942 0 0 _01
999 _c43312
_d43312